<?xml version="1.0" encoding="UTF-8"?>
<record
    xmlns:xsi="http://www.w3.org/2001/XMLSchema-instance"
    xsi:schemaLocation="http://www.loc.gov/MARC21/slim http://www.loc.gov/standards/marcxml/schema/MARC21slim.xsd"
    xmlns="http://www.loc.gov/MARC21/slim">

  <leader>00499nam a22001217a 4500</leader>
  <datafield tag="040" ind1=" " ind2=" ">
    <subfield code="c">RUA</subfield>
  </datafield>
  <datafield tag="082" ind1=" " ind2=" ">
    <subfield code="a">A105 &#x1794;&#x17D2;&#x179A;&#x17B6;&#x1787;&#x17D2;&#x1789; 2015 C160 Or.1 </subfield>
  </datafield>
  <datafield tag="100" ind1=" " ind2=" ">
    <subfield code="a">&#x1794;&#x17D2;&#x179A;&#x17B6;&#x1787;&#x17D2;&#x1789; &#x179C;&#x17B7;&#x1787;&#x17D0;&#x1799; , &#x178C;&#x17BB;&#x17C6; &#x178A;&#x17B6;&#x179C;&#x17BB;&#x1799;,&#x200B;&#x179A;&#x179F;&#x17CB; &#x179F;&#x17BB;&#x1781;&#x179B;&#x17C0;&#x1784;, &#x179A;&#x179F;&#x17CB; &#x179F;&#x17BB;&#x1781;&#x17A1;&#x17B6;&#x1784;</subfield>
  </datafield>
  <datafield tag="245" ind1=" " ind2=" ">
    <subfield code="a">&#x17E1;&#x17E0;&#x17E0;&#x179A;&#x17BF;&#x1784;&#x178A;&#x17C2;&#x179B;&#x1782;&#x17BD;&#x179A;&#x1799;&#x179B;&#x17CB;&#x178A;&#x17B9;&#x1784;&#x1796;&#x17B8;&#x1794;&#x17D2;&#x179A;&#x1791;&#x17C1;&#x179F;&#x17A1;&#x17B6;&#x179C;</subfield>
  </datafield>
  <datafield tag="260" ind1=" " ind2=" ">
    <subfield code="a">PHNOM PENH</subfield>
    <subfield code="b">RUA</subfield>
    <subfield code="c">2015</subfield>
  </datafield>
  <datafield tag="300" ind1=" " ind2=" ">
    <subfield code="a">184p.</subfield>
    <subfield code="b">ill.</subfield>
    <subfield code="c">22cm.</subfield>
  </datafield>
  <datafield tag="942" ind1=" " ind2=" ">
    <subfield code="c">&#x17A2;&#x1797;&#x17B7;&#x179C;&#x178C;&#x17D2;&#x178D;&#x1793;&#x17CD;</subfield>
  </datafield>
  <datafield tag="999" ind1=" " ind2=" ">
    <subfield code="c">25679</subfield>
    <subfield code="d">25679</subfield>
  </datafield>
  <datafield tag="952" ind1=" " ind2=" ">
    <subfield code="0">0</subfield>
    <subfield code="1">0</subfield>
    <subfield code="4">0</subfield>
    <subfield code="6">A_105_000000000000000_&#x1794;&#x179A;&#x17B6;&#x1787;&#x1789;_2015_C160_OR_1</subfield>
    <subfield code="7">0</subfield>
    <subfield code="9">106193</subfield>
    <subfield code="a">LBC</subfield>
    <subfield code="b">LBC</subfield>
    <subfield code="c">C160</subfield>
    <subfield code="d">2026-04-07</subfield>
    <subfield code="o">A105 &#x1794;&#x17D2;&#x179A;&#x17B6;&#x1787;&#x17D2;&#x1789; 2015 C160 Or.1</subfield>
    <subfield code="p">B712021</subfield>
    <subfield code="r">2026-04-07</subfield>
    <subfield code="y">&#x17A2;&#x1797;&#x17B7;&#x179C;&#x178C;&#x17D2;&#x178D;&#x1793;&#x17CD;</subfield>
  </datafield>
</record>
